Normal view
MARC view
Entry Topical Term
001 - CONTROL NUMBER
- control field: 18245
003 - CONTROL NUMBER IDENTIFIER
- control field: OSt
005 - DATE AND TIME OF LATEST TRANSACTION
- control field: 20211105134251.0
008 - FIXED-LENGTH DATA ELEMENTS
- fixed length control field: 211105|| aca||aabn | a|a d
040 ## - CATALOGING SOURCE
- Original cataloging agency: OSt
- Transcribing agency: OSt
150 ## - HEADING--TOPICAL TERM
- Topical term or geographic name entry element: Nineteenth Century
670 ## - SOURCE DATA FOUND
- Source citation: Work cat.: (OSt): Headrick, Daniel R. 18241, The tools of empire technology and European imperialism in the nineteenth century, 1981